| 000 | 00811cam a2200265u 4500 | ||
|---|---|---|---|
| 001 | 14375 | ||
| 003 | BD-RjUL | ||
| 005 | 20211208235621.0 | ||
| 008 | 140205t1930 nyua 001 0 eng | ||
| 035 | _a(BD-RjUL)14427 | ||
| 040 |
_aDLC _cCarP _dDLC _dBD-RjUL _beng |
||
| 041 | _aeng | ||
| 082 | 0 | 4 |
_216 _a621 _bGOM 1930 |
| 100 | 1 |
_aGoodman, John, _d1862- [from old catalog] _944855 |
|
| 245 | 1 | 0 |
_aMechanics applied to engineering / _cby john Goodman. _nVolume-1 |
| 250 | _a9th ed. | ||
| 260 |
_aNew York ; _aLondon : _bLongmans, Green and co., _c1930. |
||
| 300 |
_aV-1 (viii, 853 p.) : _billus. diagrs. ; _c19 cm. |
||
| 504 | _aincludes index. | ||
| 650 | 0 |
_aMechanics, Applied. _927188 |
|
| 650 | 0 |
_aMechanical engineering. _944856 |
|
| 942 |
_2ddc _cBK |
||
| 999 |
_c14375 _d14375 |
||